[Event "Internationaal Jeugdtoernooi Limburg 4"]
[Site "Maastricht"]
[Date "1998.07.18"]
[Round "5"]
[White "Backhuis, Roel"]
[Black "Muris, Saskia"]
[Result "1/2-1/2"]
[WhiteElo "1538"]
[BlackElo "1673"]
[PlyCount "98"]
[EventDate "1998.07.16"]
[EventType "swiss"]
[EventRounds "7"]
[EventCountry "NED"]
[Source "P.Boonen"]
[SourceDate "2009.01.01"]

1. d4 c5 2. dxc5 e6 3. Nc3 Bxc5 4. Nf3 Nc6 5. g3 Qb6 6. e3 Nf6 7. Bg2 d5 8. O-O
Qc7 9. b3 b6 10. Bb2 Ba6 11. Re1 O-O 12. Na4 Be7 13. Rc1 Rac8 14. a3 Nd7 15.
Nd2 b5 16. Nc3 Bf6 17. Rb1 Na5 18. Na2 Qxc2 19. Bxf6 Qxd1 20. Rexd1 Nxf6 21.
Nb4 Bb7 22. Bf1 a6 23. h4 Nc6 24. Nc2 Rfd8 25. Nf3 Ne4 26. Rb2 h6 27. Bd3 Nf6
28. Rd2 Ng4 29. Be2 Nge5 30. Nfe1 Na5 31. Nf3 Nxf3+ 32. Bxf3 Rc3 33. Na1 Rc1+
34. Rd1 Rdc8 35. Rb1 Rxd1+ 36. Rxd1 Rc3 37. Rb1 Bc8 38. Kf1 d4 39. Ke2 dxe3 40.
fxe3 Bb7 41. Bxb7 Nxb7 42. Kd2 Rc5 43. Nc2 Rd5+ 44. Ke2 a5 45. Nd4 Nd6 46. Nc6
Rc5 47. Nxa5 Ne4 48. b4 Rc8 49. Rg1 Rc3 1/2-1/2

[Event "Internationaal Jeugdtoernooi Limburg 4"]
[Site "Maastricht"]
[Date "1998.07.18"]
[Round "5"]
[White "Dambacher, Martijn"]
[Black "Hanouna, Dan"]
[Result "1-0"]
[WhiteElo "2233"]
[BlackElo "1954"]
[PlyCount "53"]
[EventDate "1998.07.16"]
[EventType "swiss"]
[EventRounds "7"]
[EventCountry "NED"]
[Source "P.Boonen"]
[SourceDate "2009.01.01"]

1. e4 d5 2. Nc3 Nf6 3. e5 d4 4. Nce2 Ng4 5. f4 h5 6. Nf3 Nc6 7. d3 f6 8. h3 Nh6
9. c3 Bf5 10. Nexd4 Nxd4 11. Nxd4 Qd5 12. Qxh5+ g6 13. Qf3 O-O-O 14. Qxd5 Rxd5
15. Nxf5 Nxf5 16. d4 fxe5 17. Bc4 Rd8 18. Be6+ Kb8 19. Bxf5 gxf5 20. dxe5 e6
21. Be3 Be7 22. Kf2 Rhg8 23. Kf3 Rd3 24. Rad1 Rxd1 25. Rxd1 Kc8 26. Bf2 Rh8 27.
a4 1-0

[Event "Internationaal Jeugdtoernooi Limburg 4"]
[Site "Maastricht"]
[Date "1998.07.18"]
[Round "5"]
[White "Gommers, Olga"]
[Black "Muris, Paul"]
[Result "1-0"]
[WhiteElo "1686"]
[BlackElo "1596"]
[PlyCount "121"]
[EventDate "1998.07.16"]
[EventType "swiss"]
[EventRounds "7"]
[EventCountry "NED"]
[Source "P.Boonen"]
[SourceDate "2009.01.01"]

1. f4 Nf6 2. Nf3 d6 3. b3 b6 4. Bb2 Nbd7 5. e3 Bb7 6. Be2 g6 7. O-O Bg7 8. Ng5
O-O 9. Bf3 Qc8 10. Bxb7 Qxb7 11. f5 Nh5 12. Bxg7 Nxg7 13. fxg6 fxg6 14. Nc3 c5
15. Qg4 Nf6 16. Qh3 h5 17. Ne6 Nxe6 18. Qxe6+ Kg7 19. Rf3 Rf7 20. Raf1 Raf8 21.
Rf4 Qd7 22. Qc4 e5 23. R4f3 Ng4 24. Rxf7+ Rxf7 25. Rxf7+ Qxf7 26. Qxf7+ Kxf7
27. Nb5 Ke7 28. Nxa7 Nf6 29. Nc8+ Ke6 30. Nxb6 Ne4 31. d3 Nc3 32. a4 d5 33. Kf2
Kd6 34. Ke1 Kc6 35. Kd2 Nb1+ 36. Kc1 Nc3 37. Nc8 Kd7 38. Na7 Na2+ 39. Kd2 Nb4
40. Nb5 Kc6 41. c3 Na6 42. d4 exd4 43. exd4 c4 44. bxc4 dxc4 45. Na3 Kd5 46.
Nc2 Ke4 47. Ne3 h4 48. Nxc4 h3 49. gxh3 Kf4 50. Ke2 Kg5 51. Ne5 Kh4 52. Nxg6+
Kxh3 53. d5 Kxh2 54. d6 Nc5 55. Ne5 Ne6 56. d7 Kg3 57. Nc6 Kf4 58. d8=Q Nxd8
59. Nxd8 Ke5 60. a5 Kd6 61. a6 1-0

[Event "Internationaal Jeugdtoernooi Limburg 4"]
[Site "Maastricht"]
[Date "1998.07.18"]
[Round "5"]
[White "Heltzel, Joost"]
[Black "Kipper, Jens"]
[Result "0-1"]
[WhiteElo "1881"]
[BlackElo "2210"]
[PlyCount "90"]
[EventDate "1998.07.16"]
[EventType "swiss"]
[EventRounds "7"]
[EventCountry "NED"]
[Source "P.Boonen"]
[SourceDate "2009.01.01"]

1. e4 e6 2. d4 d5 3. exd5 exd5 4. Bd3 c5 5. Qe2+ Be7 6. dxc5 Nf6 7. c3 O-O 8.
Qc2 Bxc5 9. Ne2 Ng4 10. Nd4 Re8+ 11. Kf1 Qh4 12. Bf4 Nc6 13. Bg3 Qf6 14. Nf3
Nce5 15. Nbd2 Nxd3 16. Qxd3 Qb6 17. Ng5 g6 18. Qf3 Nf6 19. Nb3 Bf8 20. Qd3 Bg7
21. h3 Bf5 22. Qd1 h6 23. Nf3 Ne4 24. Nfd4 Bd7 25. Bf4 a5 26. Be3 a4 27. Nd2
Qxb2 28. Nxe4 Rxe4 29. Qc1 Qxc1+ 30. Rxc1 Rc8 31. Ke2 f5 32. f3 Re7 33. Kd3 g5
34. Bf2 f4 35. Kd2 Rce8 36. Rhe1 Rxe1 37. Bxe1 Bxd4 38. cxd4 Bb5 39. Rc2 Bc4
40. Kc3 Re3+ 41. Kd2 Rd3+ 42. Ke2 Rxd4+ 43. Kf2 Rd1 44. Rd2 Ra1 45. Rc2 b5 0-1

[Event "Internationaal Jeugdtoernooi Limburg 4"]
[Site "Maastricht"]
[Date "1998.07.18"]
[Round "5"]
[White "Magalhaes, Pedro"]
[Black "Utama, Ivan"]
[Result "0-1"]
[WhiteElo "1900"]
[BlackElo "2066"]
[PlyCount "52"]
[EventDate "1998.07.16"]
[EventType "swiss"]
[EventRounds "7"]
[EventCountry "NED"]
[Source "P.Boonen"]
[SourceDate "2009.01.01"]

1. e4 e5 2. Bc4 Nc6 3. Nc3 Nf6 4. Nf3 Bc5 5. h3 d6 6. d3 a6 7. Bg5 Na5 8. Nd5
c6 9. Nxf6+ gxf6 10. Bh4 Nxc4 11. dxc4 Be6 12. Qe2 Rg8 13. c3 Qe7 14. O-O-O b5
15. b4 Bb6 16. c5 dxc5 17. Nxe5 cxb4 18. cxb4 Qxb4 19. Bxf6 Qc3+ 20. Qc2 Qxc2+
21. Kxc2 Rxg2 22. Rdg1 Rxf2+ 23. Kd1 Kf8 24. Bg7+ Ke7 25. a3 Bb3+ 26. Ke1 Rc2
0-1

[Event "Internationaal Jeugdtoernooi Limburg 4"]
[Site "Maastricht"]
[Date "1998.07.18"]
[Round "5"]
[White "Schreiber, Christophe"]
[Black "Van Otten, Gerard J"]
[Result "1/2-1/2"]
[WhiteElo "2075"]
[BlackElo "1816"]
[PlyCount "47"]
[EventDate "1998.07.16"]
[EventType "swiss"]
[EventRounds "7"]
[EventCountry "NED"]
[Source "P.Boonen"]
[SourceDate "2009.01.01"]

1. d4 d5 2. c4 c6 3. cxd5 cxd5 4. Nc3 Nf6 5. Nf3 Nc6 6. a3 Bf5 7. e3 e6 8. Be2
Bd6 9. O-O O-O 10. Nh4 Bg6 11. Nxg6 hxg6 12. f4 Kh7 13. b4 Rc8 14. Bd2 Bb8 15.
Na4 Ne4 16. Nc5 Nxc5 17. bxc5 Rh8 18. Qe1 Kg8 19. Rf3 g5 20. g3 gxf4 21. gxf4
Ne7 22. Rb1 b6 23. Ba6 Rc6 24. Bb5 1/2-1/2

[Event "Internationaal Jeugdtoernooi Limburg 4"]
[Site "Maastricht"]
[Date "1998.07.18"]
[Round "5"]
[White "Severijnen, Arjon"]
[Black "Tangelder, Yonne"]
[Result "1/2-1/2"]
[WhiteElo "1596"]
[BlackElo "1641"]
[PlyCount "29"]
[EventDate "1998.07.16"]
[EventType "swiss"]
[EventRounds "7"]
[EventCountry "NED"]
[Source "P.Boonen"]
[SourceDate "2009.01.01"]

1. d4 d5 2. Nf3 Nf6 3. e3 Bf5 4. c4 c6 5. Nc3 Nbd7 6. Be2 Qc7 7. Bd2 dxc4 8.
Bxc4 e5 9. Qb3 Nb6 10. Nxe5 Nxc4 11. Qxc4 Bd6 12. Nf3 O-O 13. h3 Rfe8 14. Rc1
Qd7 15. Kd1 1/2-1/2

[Event "Internationaal Jeugdtoernooi Limburg 4"]
[Site "Maastricht"]
[Date "1998.07.18"]
[Round "5"]
[White "Van Gemen, Felix"]
[Black "Berresheim, Helmut"]
[Result "1/2-1/2"]
[WhiteElo "1686"]
[BlackElo "2215"]
[PlyCount "51"]
[EventDate "1998.07.16"]
[EventType "swiss"]
[EventRounds "7"]
[EventCountry "NED"]
[Source "P.Boonen"]
[SourceDate "2009.01.01"]

1. e4 c5 2. Nc3 Nc6 3. g3 g6 4. Bg2 Bg7 5. d3 e6 6. Be3 d6 7. Qd2 Rb8 8. Nge2
b5 9. O-O Nd4 10. Nd1 Nxe2+ 11. Qxe2 Ne7 12. Qd2 O-O 13. Bh6 Qb6 14. Bxg7 Kxg7
15. Ne3 Bb7 16. Ng4 Ng8 17. f4 f5 18. Nf2 Nf6 19. Rfe1 Rfe8 20. Qc3 b4 21. Qb3
d5 22. exf5 exf5 23. c3 Ng4 24. d4 Nxf2 25. Kxf2 cxd4 26. Qxb4 1/2-1/2

[Event "Internationaal Jeugdtoernooi Limburg 4"]
[Site "Maastricht"]
[Date "1998.07.18"]
[Round "5"]
[White "Van Gils, Philip"]
[Black "Holtackers, Daan"]
[Result "1/2-1/2"]
[WhiteElo "1740"]
[BlackElo "1855"]
[PlyCount "29"]
[EventDate "1998.07.16"]
[EventType "swiss"]
[EventRounds "7"]
[EventCountry "NED"]
[Source "P.Boonen"]
[SourceDate "2009.01.01"]

1. e4 c5 2. Nc3 e6 3. g3 Nc6 4. Bg2 d6 5. d3 g6 6. f4 Bg7 7. Nf3 Nge7 8. Ne2 b5
9. c3 O-O 10. Be3 a5 11. d4 cxd4 12. Nexd4 Ba6 13. e5 d5 14. Nb3 a4 15. Nc5
1/2-1/2

[Event "Internationaal Jeugdtoernooi Limburg 4"]
[Site "Maastricht"]
[Date "1998.07.18"]
[Round "5"]
[White "Vinck, Martin"]
[Black "Schilperoort, Jeroen"]
[Result "1/2-1/2"]
[WhiteElo "1835"]
[BlackElo "1704"]
[PlyCount "34"]
[EventDate "1998.07.16"]
[EventType "swiss"]
[EventRounds "7"]
[EventCountry "NED"]
[Source "P.Boonen"]
[SourceDate "2009.01.01"]

1. e4 c6 2. d4 d5 3. Nd2 dxe4 4. Nxe4 Nf6 5. Ng3 e6 6. Nf3 c5 7. Bg5 Qa5+ 8.
Qd2 Qxd2+ 9. Nxd2 cxd4 10. Bxf6 gxf6 11. O-O-O Nc6 12. Bb5 a6 13. Bxc6+ bxc6
14. Nde4 f5 15. Nf6+ Ke7 16. Nfh5 e5 17. Rhe1 Bh6+ 1/2-1/2

[Event "Internationaal Jeugdtoernooi Limburg 4"]
[Site "Maastricht"]
[Date "1998.07.18"]
[Round "5"]
[White "Wirig, Anthony"]
[Black "Solleveld, Maarten"]
[Result "0-1"]
[WhiteElo "2145"]
[BlackElo "2265"]
[PlyCount "72"]
[EventDate "1998.07.16"]
[EventType "swiss"]
[EventRounds "7"]
[EventCountry "NED"]
[Source "P.Boonen"]
[SourceDate "2009.01.01"]

1. e4 e5 2. Nf3 Nc6 3. d4 exd4 4. Bc4 Nf6 5. O-O Nxe4 6. Re1 d5 7. Bxd5 Qxd5 8.
Nc3 Qa5 9. Nxe4 Be6 10. Neg5 O-O-O 11. Nxe6 fxe6 12. Rxe6 Qf5 13. Re2 Bc5 14.
a3 d3 15. cxd3 Rxd3 16. Qe1 Rxf3 17. gxf3 Nd4 18. Qd1 Rd8 19. Qf1 Qd5 20. Qh3+
Kb8 21. Rd2 Qg5+ 22. Kh1 Rc8 23. Rd1 Nb3 24. Be3 Bxe3 25. fxe3 Nxa1 26. Rxa1 a6
27. Qg2 Qf6 28. Re1 Rd8 29. Qf2 g5 30. Kg2 Rd3 31. Kg1 h5 32. Kg2 h4 33. Qe2
Rb3 34. Rb1 h3+ 35. Kf2 Qe5 36. e4 Qxh2+ 0-1

[Event "Internationaal Jeugdtoernooi Limburg 4"]
[Site "Maastricht"]
[Date "1998.07.18"]
[Round "6"]
[White "Berresheim, Helmut"]
[Black "Magalhaes, Pedro"]
[Result "1/2-1/2"]
[WhiteElo "2215"]
[BlackElo "1900"]
[PlyCount "71"]
[EventDate "1998.07.16"]
[EventType "swiss"]
[EventRounds "7"]
[EventCountry "NED"]
[Source "P.Boonen"]
[SourceDate "2009.01.01"]

1. d4 d6 2. Nf3 Nf6 3. c4 Bg4 4. e3 Nbd7 5. Nc3 c6 6. Be2 e5 7. Qc2 Qe7 8. dxe5
dxe5 9. e4 Bxf3 10. Bxf3 g6 11. Be3 Bg7 12. O-O O-O 13. Rad1 a5 14. Rd2 Rfd8
15. Rfd1 Nf8 16. a3 Ne6 17. Qb3 Rxd2 18. Rxd2 Ne8 19. Ne2 Rd8 20. Qd1 Rxd2 21.
Qxd2 Qd6 22. Qc2 Nd4 23. Nxd4 exd4 24. Bd2 Qe5 25. g3 Nd6 26. c5 Nb5 27. Bxa5
d3 28. Qxd3 Qxb2 29. Qd8+ Bf8 30. a4 Qa1+ 31. Kg2 Qxa4 32. h4 Qd4 33. Qb8 Qxc5
34. Qxb7 Qa7 35. Qxa7 Nxa7 36. Kf1 1/2-1/2

[Event "Internationaal Jeugdtoernooi Limburg 4"]
[Site "Maastricht"]
[Date "1998.07.18"]
[Round "6"]
[White "Connel, Blair"]
[Black "Gommers, Olga"]
[Result "1-0"]
[WhiteElo "2215"]
[BlackElo "1686"]
[PlyCount "37"]
[EventDate "1998.07.16"]
[EventType "swiss"]
[EventRounds "7"]
[EventCountry "NED"]
[Source "P.Boonen"]
[SourceDate "2009.01.01"]

1. e4 c5 2. Nf3 d6 3. c3 Nc6 4. d4 cxd4 5. cxd4 Qb6 6. Nc3 Bg4 7. Nd5 Qa5+ 8.
Bd2 Qd8 9. Rc1 e6 10. Nb4 Bxf3 11. gxf3 Nxb4 12. Bxb4 a6 13. d5 Nf6 14. dxe6
fxe6 15. Bh3 Kf7 16. Qb3 Qd7 17. Rc7 Qxc7 18. Qxe6+ Kg6 19. Rg1+ 1-0

[Event "Internationaal Jeugdtoernooi Limburg 4"]
[Site "Maastricht"]
[Date "1998.07.18"]
[Round "6"]
[White "Hanouna, Dan"]
[Black "Van Gils, Philip"]
[Result "1-0"]
[WhiteElo "1954"]
[BlackElo "1740"]
[PlyCount "59"]
[EventDate "1998.07.16"]
[EventType "swiss"]
[EventRounds "7"]
[EventCountry "NED"]
[Source "P.Boonen"]
[SourceDate "2009.01.01"]

1. d4 d5 2. c4 Nf6 3. cxd5 Qxd5 4. Nc3 Qa5 5. Bd2 Qf5 6. g3 Qd7 7. Nf3 Nc6 8.
Bf4 e6 9. Bg2 Bb4 10. O-O Bxc3 11. bxc3 Nd5 12. Bd2 f6 13. e4 Nb6 14. Qe2 O-O
15. Rfe1 Qe7 16. e5 Bd7 17. exf6 gxf6 18. c4 Nd8 19. Bh6 Re8 20. Nh4 e5 21. c5
Nf7 22. Bd2 Nc8 23. Be4 Ng5 24. Nf5 Qf8 25. Bxg5 fxg5 26. Qg4 Kh8 27. Qxg5 exd4
28. Nxd4 Qg7 29. Qh4 Qxd4 30. Qxh7# 1-0

[Event "Internationaal Jeugdtoernooi Limburg 4"]
[Site "Maastricht"]
[Date "1998.07.18"]
[Round "6"]
[White "Holtackers, Daan"]
[Black "Backhuis, Roel"]
[Result "1-0"]
[WhiteElo "1855"]
[BlackElo "1538"]
[PlyCount "56"]
[EventDate "1998.07.16"]
[EventType "swiss"]
[EventRounds "7"]
[EventCountry "NED"]
[Source "P.Boonen"]
[SourceDate "2009.01.01"]

1. e4 c5 2. Nc3 d6 3. g3 Nc6 4. Bg2 Nf6 5. d3 g6 6. f4 Bg7 7. Nf3 O-O 8. O-O e6
9. Ne2 Bd7 10. c3 Rc8 11. Kh1 Ne8 12. Be3 b6 13. d4 f5 14. e5 dxe5 15. dxe5 Nc7
16. Bg1 Be8 17. Nd2 Rf7 18. Qc2 Bf8 19. Rad1 Bd7 20. Nc4 Ne8 21. Rd2 Qc7 22.
Rfd1 Rd8 23. Bf2 Bc8 24. Qa4 Rxd2 25. Rxd2 Bd7 26. Qd1 Bc8 27. Ng1 Rd7 28. Nf3
Bb7 1-0

[Event "Internationaal Jeugdtoernooi Limburg 4"]
[Site "Maastricht"]
[Date "1998.07.18"]
[Round "6"]
[White "Kipper, Jens"]
[Black "Dambacher, Martijn"]
[Result "0-1"]
[WhiteElo "2210"]
[BlackElo "2233"]
[PlyCount "42"]
[EventDate "1998.07.16"]
[EventType "swiss"]
[EventRounds "7"]
[EventCountry "NED"]
[Source "P.Boonen"]
[SourceDate "2009.01.01"]

1. Nf3 c5 2. c4 Nc6 3. d4 cxd4 4. Nxd4 e6 5. Nc3 d5 6. cxd5 exd5 7. g3 Be7 8.
Bg2 Nf6 9. O-O O-O 10. b3 Bg4 11. Bb2 Qd7 12. Rc1 Ne5 13. Qd2 Rfe8 14. Ncb5 Bd8
15. Ba3 Ne4 16. Qb2 Bh3 17. Rcd1 Bb6 18. Nc3 Bxg2 19. Kxg2 Ng5 20. f3 Qh3+ 21.
Kg1 Nc6 0-1

[Event "Internationaal Jeugdtoernooi Limburg 4"]
[Site "Maastricht"]
[Date "1998.07.18"]
[Round "6"]
[White "Muris, Paul"]
[Black "Tangelder, Yonne"]
[Result "0-1"]
[WhiteElo "1596"]
[BlackElo "1641"]
[PlyCount "146"]
[EventDate "1998.07.16"]
[EventType "swiss"]
[EventRounds "7"]
[EventCountry "NED"]
[Source "P.Boonen"]
[SourceDate "2009.01.01"]

1. e4 e5 2. Nc3 Nf6 3. f4 d5 4. fxe5 Nxe4 5. Nf3 Bf5 6. d3 Nc5 7. d4 Ne4 8. Bd3
Bb4 9. Bd2 Nxd2 10. Qxd2 Be6 11. O-O Nc6 12. a3 Be7 13. Rae1 Qd7 14. Ng5 Bxg5
15. Qxg5 Nxd4 16. Qxg7 O-O-O 17. Qf6 Rdg8 18. Kh1 h5 19. Rf4 Nc6 20. Bf5 Nd8
21. Rd1 Qc6 22. Nxd5 Kb8 23. Ne3 Qb6 24. Rf3 Qxb2 25. Rg3 Nc6 26. Rxg8+ Rxg8
27. Bxe6 fxe6 28. Qxe6 Rh8 29. Qd7 Qxe5 30. Nc4 Qe2 31. Na5 Ne7 32. Rb1 Rg8 33.
Qh3 b6 34. Qf3 Qxf3 35. gxf3 Kc8 36. Nc4 Nf5 37. Rd1 Kb7 38. Rd5 Rf8 39. Nd2
Kc6 40. Re5 Kd6 41. Nc4+ Kc6 42. Nd2 h4 43. Nb3 Nd6 44. Rh5 Rf4 45. Nd2 Nf5 46.
Kg1 Ne3 47. c3 Nd1 48. Rh6+ Kb7 49. Ne4 Rxf3 50. Rxh4 Nxc3 51. Kg2 Re3 52. Nxc3
Rxc3 53. a4 c5 54. Rf4 a6 55. h4 b5 56. h5 Rd3 57. axb5 axb5 58. Rf7+ Ka6 59.
Rf8 Rd5 60. h6 Rh5 61. Rh8 b4 62. h7 Kb7 63. Kf2 c4 64. Ke2 b3 65. Kd2 Rh2+ 66.
Kc1 c3 67. Rd8 b2+ 68. Kb1 Rh1+ 69. Kc2 b1=Q+ 70. Kxc3 Rc1+ 71. Kd2 Rd1+ 72.
Ke2 Rxd8 73. Kf2 Qxh7 0-1

[Event "Internationaal Jeugdtoernooi Limburg 4"]
[Site "Maastricht"]
[Date "1998.07.18"]
[Round "6"]
[White "Muris, Saskia"]
[Black "Severijnen, Arjon"]
[Result "1/2-1/2"]
[WhiteElo "1673"]
[BlackElo "1596"]
[PlyCount "80"]
[EventDate "1998.07.16"]
[EventType "swiss"]
[EventRounds "7"]
[EventCountry "NED"]
[Source "P.Boonen"]
[SourceDate "2009.01.01"]

1. e4 d5 2. exd5 Nf6 3. Nf3 Nxd5 4. Bc4 Nf6 5. O-O Bf5 6. Nc3 e6 7. d3 Be7 8.
Bf4 c6 9. h3 O-O 10. Nh4 Nd5 11. Nxd5 cxd5 12. Nxf5 exf5 13. Bb3 Bf6 14. c3 Nc6
15. d4 g6 16. Qf3 Ne7 17. Rfe1 Qd7 18. Be5 Bxe5 19. Rxe5 Rad8 20. Rae1 Rfe8 21.
Kf1 a6 22. Bxd5 Nxd5 23. Rxe8+ Rxe8 24. Rxe8+ Qxe8 25. Qxd5 Qa4 26. Qb3 Qc6 27.
Qb4 Qe4 28. f3 Qd3+ 29. Kf2 Qd2+ 30. Kg3 Qg5+ 31. Kh2 Qf4+ 32. Kg1 Qc1+ 33. Kf2
Qd2+ 34. Kg1 Qc1+ 35. Kh2 Qf4+ 36. Kg1 Qc1+ 37. Kf2 Qd2+ 38. Kf1 Qd1+ 39. Kf2
Qd2+ 40. Kg1 Qc1+ 1/2-1/2

[Event "Internationaal Jeugdtoernooi Limburg 4"]
[Site "Maastricht"]
[Date "1998.07.18"]
[Round "6"]
[White "Schilperoort, Jeroen"]
[Black "Van Otten, Gerard J"]
[Result "0-1"]
[WhiteElo "1704"]
[BlackElo "1816"]
[PlyCount "58"]
[EventDate "1998.07.16"]
[EventType "swiss"]
[EventRounds "7"]
[EventCountry "NED"]
[Source "P.Boonen"]
[SourceDate "2009.01.01"]

1. e4 c5 2. c3 Nf6 3. e5 Nd5 4. d4 cxd4 5. Bc4 Nb6 6. Bb3 e6 7. cxd4 d6 8. Nf3
Nc6 9. exd6 Bxd6 10. O-O O-O 11. Nc3 Be7 12. Bf4 Nd5 13. Nxd5 exd5 14. Bc2 Bg4
15. a3 Qb6 16. Qd3 g6 17. Be3 Bxf3 18. gxf3 Bf6 19. Rad1 Ne7 20. Kh1 Rac8 21.
b3 Qd6 22. a4 Rc6 23. Rg1 Rfc8 24. Rc1 Rc3 25. Qd2 Qc6 26. Bg5 Bxg5 27. Qxg5
Rxc2 28. Rce1 f6 29. Qh6 Qd7 0-1

[Event "Internationaal Jeugdtoernooi Limburg 4"]
[Site "Maastricht"]
[Date "1998.07.18"]
[Round "6"]
[White "Solleveld, Maarten"]
[Black "Schreiber, Christophe"]
[Result "1-0"]
[WhiteElo "2265"]
[BlackElo "2075"]
[PlyCount "81"]
[EventDate "1998.07.16"]
[EventType "swiss"]
[EventRounds "7"]
[EventCountry "NED"]
[Source "P.Boonen"]
[SourceDate "2009.01.01"]

1. e4 d6 2. d4 Nf6 3. Nc3 g6 4. f4 Bg7 5. Nf3 O-O 6. Bd3 Na6 7. O-O c5 8. d5
Bg4 9. Kh1 Rb8 10. a4 Nb4 11. Bc4 e6 12. dxe6 Bxe6 13. Bxe6 fxe6 14. Re1 d5 15.
Ng5 dxe4 16. Ncxe4 Nxe4 17. Qe2 Qd5 18. Nxe4 Rbd8 19. Ra3 e5 20. Rf3 exf4 21.
Rxf4 Nc6 22. Rxf8+ Rxf8 23. c3 b6 24. h3 Ne5 25. Rd1 Qf7 26. a5 c4 27. axb6
axb6 28. Be3 Nd3 29. Kg1 Qe7 30. Ng3 Re8 31. Nf1 Bh6 32. b3 b5 33. bxc4 bxc4
34. Rxd3 cxd3 35. Qa2+ Kh8 36. Bxh6 Qc5+ 37. Kh2 Qxc3 38. Qf7 Qe5+ 39. Kg1 Qc5+
40. Kh1 Qe7 41. Bg7# 1-0

[Event "Internationaal Jeugdtoernooi Limburg 4"]
[Site "Maastricht"]
[Date "1998.07.18"]
[Round "6"]
[White "Utama, Ivan"]
[Black "Vinck, Martin"]
[Result "1-0"]
[WhiteElo "2066"]
[BlackElo "1835"]
[PlyCount "49"]
[EventDate "1998.07.16"]
[EventType "swiss"]
[EventRounds "7"]
[EventCountry "NED"]
[Source "P.Boonen"]
[SourceDate "2009.01.01"]

1. e4 c5 2. Nc3 e6 3. Nge2 d5 4. exd5 exd5 5. d4 Nc6 6. Be3 c4 7. g3 Nf6 8. Bg2
Be6 9. Bg5 Be7 10. O-O O-O 11. Re1 Qd7 12. Nf4 Bg4 13. Qd2 h6 14. Bxf6 Bxf6 15.
h3 Bf5 16. g4 Bh7 17. Ncxd5 Bg5 18. Rad1 f5 19. Qc3 fxg4 20. Qxc4 Kh8 21. Ne6
gxh3 22. Bxh3 Bh4 23. Rd2 Na5 24. Qc7 Qxc7 25. Ndxc7 1-0

[Event "Internationaal Jeugdtoernooi Limburg 4"]
[Site "Maastricht"]
[Date "1998.07.18"]
[Round "6"]
[White "Van Gemen, Felix"]
[Black "Heltzel, Joost"]
[Result "1/2-1/2"]
[WhiteElo "1686"]
[BlackElo "1881"]
[PlyCount "27"]
[EventDate "1998.07.16"]
[EventType "swiss"]
[EventRounds "7"]
[EventCountry "NED"]
[Source "P.Boonen"]
[SourceDate "2009.01.01"]

1. e4 e6 2. d4 d5 3. exd5 exd5 4. Bd3 c5 5. c3 Nc6 6. Ne2 Nf6 7. O-O Be7 8.
dxc5 Bxc5 9. Bg5 O-O 10. Nd2 Ne5 11. Bc2 Ng6 12. Nb3 Bd6 13. Bxf6 Qxf6 14. Qxd5
1/2-1/2

[Event "Internationaal Jeugdtoernooi Limburg 4"]
[Site "Maastricht"]
[Date "1998.07.18"]
[Round "6"]
[White "Wirig, Anthony"]
[Black "Amesz, Jaap"]
[Result "1/2-1/2"]
[WhiteElo "2145"]
[BlackElo "2070"]
[PlyCount "53"]
[EventDate "1998.07.16"]
[EventType "swiss"]
[EventRounds "7"]
[EventCountry "NED"]
[Source "P.Boonen"]
[SourceDate "2009.01.01"]

1. e4 c5 2. Nc3 Nc6 3. g3 g6 4. Bg2 Bg7 5. d3 e6 6. Be3 d6 7. Qd2 Rb8 8. h4 h5
9. Nd1 b6 10. c3 Ba6 11. Ne2 Ne5 12. Nc1 Qd7 13. Rb1 Ne7 14. O-O d5 15. exd5
Nxd5 16. Re1 Nxe3 17. Nxe3 Nxd3 18. Nxd3 Qxd3 19. Bc6+ Kd8 20. Qc1 Kc7 21. Rd1
Kxc6 22. Rxd3 Bxd3 23. Ra1 Rbd8 24. Kh2 Rd7 25. Qd1 Rhd8 26. Qf3+ Kd6 27. Rd1
1/2-1/2

[Event "Internationaal Jeugdtoernooi Limburg 4"]
[Site "Maastricht"]
[Date "1998.07.19"]
[Round "7"]
[White "Amesz, Jaap"]
[Black "Utama, Ivan"]
[Result "1/2-1/2"]
[WhiteElo "2070"]
[BlackElo "2066"]
[PlyCount "48"]
[EventDate "1998.07.16"]
[EventType "swiss"]
[EventRounds "7"]
[EventCountry "NED"]
[Source "P.Boonen"]
[SourceDate "2009.01.01"]

1. e4 e5 2. Nf3 Nc6 3. Bc4 Bc5 4. c3 Nf6 5. d3 a6 6. O-O d6 7. h3 O-O 8. Re1 b5
9. Bb3 Bb7 10. Nbd2 Bb6 11. Nf1 Re8 12. Ng3 Na5 13. Bc2 c5 14. Bg5 h6 15. Bd2
d5 16. exd5 Qxd5 17. Qc1 Nd7 18. d4 exd4 19. Be4 Qd6 20. cxd4 Qf8 21. dxc5 Qxc5
22. Qxc5 Nxc5 23. Bxb7 Naxb7 24. Rxe8+ Rxe8 1/2-1/2

[Event "Internationaal Jeugdtoernooi Limburg 4"]
[Site "Maastricht"]
[Date "1998.07.19"]
[Round "7"]
[White "Backhuis, Roel"]
[Black "Severijnen, Arjon"]
[Result "1-0"]
[WhiteElo "1538"]
[BlackElo "1596"]
[PlyCount "87"]
[EventDate "1998.07.16"]
[EventType "swiss"]
[EventRounds "7"]
[EventCountry "NED"]
[Source "P.Boonen"]
[SourceDate "2009.01.01"]

1. d4 d5 2. c4 Nf6 3. Nc3 Bf5 4. Bg5 Nbd7 5. e3 h6 6. Bh4 c6 7. Nf3 e6 8. cxd5
cxd5 9. Bb5 Be7 10. O-O O-O 11. Rc1 Rc8 12. Qa4 a6 13. Be2 Ne8 14. Bxe7 Qxe7
15. Nxd5 exd5 16. Rxc8 Nb6 17. Rxe8 Rxe8 18. Qb3 Qc7 19. Ne5 f6 20. Nd3 Bd7 21.
Rc1 Qd6 22. Bf3 Bb5 23. Qb4 Re6 24. Qxd6 Rxd6 25. Nc5 Bc6 26. Kf1 Nc4 27. b3
Nd2+ 28. Ke2 Ne4 29. Nxe4 dxe4 30. Bg4 g6 31. Kd2 f5 32. Be2 Kf8 33. f3 Bd5 34.
fxe4 Bxe4 35. Bf3 Bxf3 36. gxf3 g5 37. Rc8+ Ke7 38. Rc7+ Rd7 39. Rxd7+ Kxd7 40.
e4 f4 41. Ke2 Kd6 42. Kf2 h5 43. h4 g4 44. fxg4 1-0

[Event "Internationaal Jeugdtoernooi Limburg 4"]
[Site "Maastricht"]
[Date "1998.07.19"]
[Round "7"]
[White "Dambacher, Martijn"]
[Black "Connel, Blair"]
[Result "1-0"]
[WhiteElo "2233"]
[BlackElo "2215"]
[PlyCount "73"]
[EventDate "1998.07.16"]
[EventType "swiss"]
[EventRounds "7"]
[EventCountry "NED"]
[Source "P.Boonen"]
[SourceDate "2009.01.01"]

1. e4 e5 2. Nf3 Nc6 3. Bb5 Nge7 4. O-O g6 5. c3 Bg7 6. d4 exd4 7. cxd4 d5 8.
exd5 Nxd5 9. Bg5 Qd6 10. Nc3 O-O 11. Qd2 Bg4 12. Ne4 Qb4 13. Bxc6 bxc6 14. Ne5
Bf5 15. Nf6+ Kh8 16. Qxb4 Nxb4 17. Nfd7 Bxe5 18. Nxe5 f6 19. Bh6 fxe5 20. Bxf8
Rxf8 21. dxe5 Nd3 22. b3 Nxe5 23. Rfe1 Nd7 24. Re7 Rc8 25. Rc1 Nb6 26. Rxc6 Nd5
27. Re5 Nb4 28. Rc4 Rd8 29. h3 Rd1+ 30. Kh2 Nd3 31. Rd5 Nxf2 32. Rxd1 Nxd1 33.
Rxc7 a6 34. Rc6 Bd3 35. Rd6 Be2 36. Rd2 Nc3 37. Rc2 1-0